| 000 | 00818nam a22002057a 4500 | ||
|---|---|---|---|
| 005 | 20140310184236.0 | ||
| 008 | 140130b xxu||||| |||| 00| 0 eng d | ||
| 020 | _a9780553573404 | ||
| 050 |
_aPS 3563 .A7239 _b.G36 1996 |
||
| 100 | _aGeorge R.R Martin | ||
| 245 |
_aA Game of Thrones _cMartin George, |
||
| 260 |
_aNew York : _bBantam Books, _c2011. |
||
| 300 |
_a835 p. : _bill. ; _c18 cm. |
||
| 520 | _aThe kingdom of the royal Stark family faces its ultimate challenge in the onset of a generation-long winter, the poisonous plots of the rival Lannisters, the emergence of the Neverborn demons, and the arrival of barbarian hordes. | ||
| 650 | _aImaginary wars and battles -- Fiction. | ||
| 650 | _aImaginary places -- Fiction | ||
| 650 | _aGood and evil -- Fiction. | ||
| 942 |
_2lcc _cBK |
||
| 999 |
_c33193 _d33193 |
||